DISEÑO DIGITAL, 5th Edition (Registro nro. 157578)
[ vista simple ]
| 000 -LEADER | |
|---|---|
| fixed length control field | 01525nam#a2200253 4500 |
| 001 - CONTROL NUMBER | |
| control field | 9786073220408 |
| 003 - CONTROL NUMBER IDENTIFIER | |
| control field | VST |
| 006 - FIXED-LENGTH DATA ELEMENTS--ADDITIONAL MATERIAL CHARACTERISTICS--GENERAL INFORMATION | |
| fixed length control field | m o d |
| 007 - PHYSICAL DESCRIPTION FIXED FIELD--GENERAL INFORMATION | |
| fixed length control field | cr#un#---uucau |
| 008 - FIXED-LENGTH DATA ELEMENTS--GENERAL INFORMATION | |
| fixed length control field | 170127s2013 MEX d |
| 020 ## - INTERNATIONAL STANDARD BOOK NUMBER | |
| International Standard Book Number | 9786073220408 |
| 040 ## - CATALOGING SOURCE | |
| Original cataloging agency | VST |
| Transcribing agency | VST |
| Modifying agency | VST |
| 100 1# - MAIN ENTRY--PERSONAL NAME | |
| Personal name | M. Morris Mano |
| Relator term | author |
| 245 10 - TITLE STATEMENT | |
| Title | DISEÑO DIGITAL, 5th Edition |
| 250 ## - | |
| -- | fifth edition |
| 260 ## - PUBLICATION, DISTRIBUTION, ETC. (IMPRINT) | |
| Place of publication, distribution, etc | Mexico : |
| 264 #1 - | |
| -- | Mexico : |
| -- | Pearson Educación, |
| -- | 2013 |
| 300 ## - PHYSICAL DESCRIPTION | |
| Extent | 1 online resource |
| 336 ## - | |
| -- | text |
| -- | txt |
| -- | rdacontent |
| 337 ## - | |
| -- | computer |
| -- | c |
| -- | rdamedia |
| 520 ## - SUMMARY, ETC. | |
| Summary, etc | Esta nueva edición de Diseño digital aprovecha lo mejor de las cuatro previas y la retroalimentación del equipo de revisores que nos ayudaron a establecer el rumbo de nuestra presentación. El enfoque del texto se afinó para seguir con mayor fidelidad el contenido de un curso fundamental de diseño digital y la principal tendencia tecnológica de los sistemas digitales actuales: los circuitos CMOS. La audiencia pensada para este libro es amplia, comprende estudiantes de ciencias de la computación, ingeniería en computación e ingeniería eléctrica. Los elementos clave en los que se enfoca esta edición incluyen: (1) lógica booleana (2) compuertas lógicas (utilizadas por diseñadores) (3) máquinas síncronas de estado finito (4) diseño de controlador de trayectoria de datos |
| 856 40 - LOCALIZACIÓN Y ACCESO ELECTRÓNICO | |
| Identificador Uniforme del Recurso (URI/URL) | https://bc.vitalsource.com/tenants/Universidad_Insurgentes/libraries?bookmeta_vbid=9786073220408 |
| 999 ## - | |
| -- | 157578 |
| -- | 157578 |
No hay ítems disponibles.